<?xml version="1.0" encoding="UTF-8"?><?xml-stylesheet type="text/xsl" href="static/style.xsl"?><OAI-PMH xmlns="http://www.openarchives.org/OAI/2.0/" xmlns:xsi="http://www.w3.org/2001/XMLSchema-instance" xsi:schemaLocation="http://www.openarchives.org/OAI/2.0/ http://www.openarchives.org/OAI/2.0/OAI-PMH.xsd"><responseDate>2026-04-17T00:59:01Z</responseDate><request verb="GetRecord" identifier="oai:www.recercat.cat:2072/449617" metadataPrefix="marc">https://recercat.cat/oai/request</request><GetRecord><record><header><identifier>oai:recercat.cat:2072/449617</identifier><datestamp>2024-10-29T16:09:38Z</datestamp><setSpec>com_2072_98</setSpec><setSpec>col_2072_378194</setSpec></header><metadata><record xmlns="http://www.loc.gov/MARC21/slim" xmlns:dcterms="http://purl.org/dc/terms/" xmlns:xsi="http://www.w3.org/2001/XMLSchema-instance" xmlns:doc="http://www.lyncode.com/xoai" xsi:schemaLocation="http://www.loc.gov/MARC21/slim http://www.loc.gov/standards/marcxml/schema/MARC21slim.xsd">
   <leader>00925njm 22002777a 4500</leader>
   <datafield ind2=" " ind1=" " tag="042">
      <subfield code="a">dc</subfield>
   </datafield>
   <datafield ind2=" " ind1=" " tag="720">
      <subfield code="a">Montoya Vilar, Norminanda</subfield>
      <subfield code="e">author</subfield>
   </datafield>
   <datafield ind2=" " ind1=" " tag="720">
      <subfield code="a">Rodríguez Bravo, Ángel</subfield>
      <subfield code="e">author</subfield>
   </datafield>
   <datafield ind2=" " ind1=" " tag="720">
      <subfield code="a">Lopes da Silva, Elaine A.</subfield>
      <subfield code="e">author</subfield>
   </datafield>
   <datafield ind2=" " ind1=" " tag="260">
      <subfield code="c">2018</subfield>
   </datafield>
   <datafield ind2=" " ind1=" " tag="520">
      <subfield code="a">"Lo que no se mide no existe, y si existe, no puede generar valor"(Aljure,2016:208). Todas las organizaciones definen en su filosofía corporativa la misión, visión y valores, pero pocas miden si esos valores son aceptados y transmitidos a sus públicos internos y stakeholders, y en qué medida son aceptados y generan en la organización un clima social y una cultura acorde con los valores de la empresa. Por esta razón, una herramienta que mide si esos valores están en consonancia con la imagen y reputación de la empresa, resultaría de gran utilidad. Desde el Laboratorio de Análisis Instrumental de la Comunicación (LAICOM) de la Universidad Autónoma de Barcelona hemos ideado un protocolo científico, que hemos implementado desarrollando una herramienta para la medición y evaluación de valores sociales, humanos y educativos, a la que hemos llamado ProtocoloEva . Esta herramienta podrá generar beneficios sociales importantes en el ámbito de la comunicación corporativa (mejora de la transmisión de valores positivos desde la empresa hacia la sociedad), así como en el de la comunicación industrial ya que esta herramienta está orientada a incrementar el valor añadido de la comunicación corporativa, tanto desde dentro de la empresa como en la comunicación de la empresa a la sociedad donde está insertada. Esta investigación ha sido financiada por el Ministerio de Economía y Competitividad (CS02012-33170).</subfield>
   </datafield>
   <datafield ind2=" " ind1=" " tag="520">
      <subfield code="a">"What is not measured does not exist, and if it exists, it cannot generate value" (Aljure, 2016: 208). All organizations define in their corporate philosophy the mission, vision and values, but few of them measure if those values are accepted and transmitted to their internal audiences and stakeholders, and to what extent they are accepted and generate, in the organization, a social climate and culture in accordance with the values of the company. For this reason, a tool that measures whether these values are in line with the image and reputation of the company would be very useful. From the Laboratory of Instrumental Analysis of the Communication, at the Universitat Autònoma de Barcelona, we have devised a scientific protocol, which we have implemented developing a tool for the measurement and evaluation of social, human and educational values, which we have called ProtocoloEva. This tool can generate important social benefits in the field of corporate communication (improvement of the transmission of positive values from the company to society), as well as in the industrial communication since this tool is aimed at increasing the added value of corporate communication, both from within the company and in the communication of the company to the society where it is inserted.</subfield>
   </datafield>
   <datafield tag="653" ind2=" " ind1=" ">
      <subfield code="a">Comunicación corporativa</subfield>
   </datafield>
   <datafield tag="653" ind2=" " ind1=" ">
      <subfield code="a">Valores corporativos</subfield>
   </datafield>
   <datafield tag="653" ind2=" " ind1=" ">
      <subfield code="a">Medición de valores</subfield>
   </datafield>
   <datafield tag="653" ind2=" " ind1=" ">
      <subfield code="a">Análisis</subfield>
   </datafield>
   <datafield tag="653" ind2=" " ind1=" ">
      <subfield code="a">Inventario de valores</subfield>
   </datafield>
   <datafield tag="653" ind2=" " ind1=" ">
      <subfield code="a">Escalas</subfield>
   </datafield>
   <datafield tag="653" ind2=" " ind1=" ">
      <subfield code="a">Corporate communication</subfield>
   </datafield>
   <datafield tag="653" ind2=" " ind1=" ">
      <subfield code="a">Corporate values</subfield>
   </datafield>
   <datafield tag="653" ind2=" " ind1=" ">
      <subfield code="a">Calues measurement</subfield>
   </datafield>
   <datafield tag="653" ind2=" " ind1=" ">
      <subfield code="a">Analysis</subfield>
   </datafield>
   <datafield tag="653" ind2=" " ind1=" ">
      <subfield code="a">Values inventory</subfield>
   </datafield>
   <datafield tag="653" ind2=" " ind1=" ">
      <subfield code="a">Scales</subfield>
   </datafield>
   <datafield ind2="0" ind1="0" tag="245">
      <subfield code="a">Herramienta para la medición de valores corporativos en las organizaciones : ProtocoloEva®</subfield>
   </datafield>
</record></metadata></record></GetRecord></OAI-PMH>